Valorant player Tenz Quiz - Statistics

General Stats
  • This quiz has been taken 4 times
  • The average score is 5 of 6
Answer Stats
Question Answer % Correct
Who is Tenz?
100%
Tanz nationality Canada
100%
Masters winner Reykjavik 2021, Madrid 2024
100%
Champions winner Never
75%
Tenz official name Tyson Ngo
75%
Tenz Birthday May 5, 2001
25%
No matching quizzes found
Score Distribution
Percent of People with Each Score
Percentile by Number Answered
Your Score History
You have not taken this quiz